[Event "CZE-ch sf12 corr"]
[White "Koehler, Josef"]
[Black "Rotter, Walter"]
[Site "Czechia"]
[Round "?"]
[Result "1-0"]
[Date "2003.??.??"]
[WhiteElo "2210"]
[BlackElo "2120"]
[PlyCount "63"]
[EventDate "2001.??.??"]
[EventType "tourn (corr)"]
[EventRounds "14"]
[EventCountry "CZE"]
[SourceTitle "Corr 2006"]
[Source "ChessBase"]
[SourceDate "2006.04.01"]
[SourceVersion "3"]
[SourceVersionDate "2006.04.01"]
[SourceQuality "1"]

1. c4 Nf6 2. Nc3 e6 3. Nf3 c5 4. g3 b6 5. Bg2 Bb7 6. 0-0 Be7 7. d4 cxd4 8. Qxd4 d6 9. Rd1 a6 10. Ng5 Bxg2 11. Kxg2 Nc6 12. Qf4 0-0 13. b3 Ra7 14. Bb2 Rd7 15. Nf3 d5 16. cxd5 exd5 17. Rac1 Re8 18. Nb5 Nh5 19. Qg4 Nf6 20. Bxf6 Bxf6 21. Rxc6 axb5 22. Rxf6 h5 23. Qf5 gxf6 24. Qxh5 Rxe2 25. Qg4+ Kf8 26. Nd4 Re4 27. Qh5 Kg8 28. Nf5 Ra7 29. f4 Rxa2+ 30. Kf3 Qf8 31. Rxd5 Rae2 32. Qg4+ 1-0

[Event "CZE-ch sf12 corr"]
[White "Kubikova, Hana"]
[Black "Rotter, Walter"]
[Site "Czechia"]
[Round "?"]
[Result "1-0"]
[Date "2003.??.??"]
[WhiteElo "2140"]
[BlackElo "2120"]
[PlyCount "67"]
[EventDate "2001.??.??"]
[EventType "tourn (corr)"]
[EventRounds "14"]
[EventCountry "CZE"]
[SourceTitle "Corr 2006"]
[Source "ChessBase"]
[SourceDate "2006.04.01"]
[SourceVersion "3"]
[SourceVersionDate "2006.04.01"]
[SourceQuality "1"]

1. d4 Nf6 2. c4 e6 3. Nf3 d5 4. Nc3 c6 5. Bg5 dxc4 6. e4 b5 7. e5 h6 8. Bh4 g5 9. Nxg5 hxg5 10. Bxg5 Be7 11. exf6 Bxf6 12. Bxf6 Qxf6 13. g3 a6 14. Bg2 Ra7 15. Qd2 Rd7 16. 0-0-0 Qh6 17. Qxh6 Rxh6 18. Ne4 f5 19. Nc5 Rd6 20. b3 cxb3 21. axb3 a5 22. h4 Na6 23. Rd2 Nb4 24. Kd1 Rh7 25. Ke2 Re7 26. f4 Na6 27. h5 Nxc5 28. dxc5 Rxd2+ 29. Kxd2 Bd7 30. Ke3 Rg7 31. Kf2 Re7 32. Ra1 e5 33. fxe5 Rxe5 34. h6 1-0

[Event "CZE-ch sf12 corr"]
[White "Rotter, Walter"]
[Black "Hlavacek, Ladislav"]
[Site "Czechia"]
[Round "?"]
[Result "0-1"]
[Date "2003.??.??"]
[WhiteElo "2120"]
[BlackElo "2085"]
[PlyCount "60"]
[EventDate "2001.??.??"]
[EventType "tourn (corr)"]
[EventRounds "14"]
[EventCountry "CZE"]
[SourceTitle "Corr 2006"]
[Source "ChessBase"]
[SourceDate "2006.04.01"]
[SourceVersion "3"]
[SourceVersionDate "2006.04.01"]
[SourceQuality "1"]

1. d4 Nf6 2. c4 e6 3. Nf3 d5 4. Nc3 Be7 5. e3 0-0 6. Bd3 dxc4 7. Bxc4 c5 8. 0-0 cxd4 9. Nxd4 Qc7 10. Qe2 Rd8 11. Ndb5 Qc6 12. Nd4 Qc7 13. Bd2 Nc6 14. Nf3 Ne5 15. Nxe5 Qxe5 16. Rfd1 Bd7 17. f4 Qc5 18. Rac1 Bc6 19. Bb3 Qb6 20. Be1 Bb4 21. Na4 Bxa4 22. Bxa4 Bxe1 23. Rxe1 Nd5 24. Rc4 Rac8 25. Rd4 Nf6 26. Red1 Rxd4 27. Rxd4 Rc1+ 28. Kf2 h6 29. h3 Qa5 30. b4 Qxa4 0-1

[Event "CZE-ch sf10 corr"]
[White "Cedrych, Karel"]
[Black "Rotter, Walter"]
[Site "Czechia"]
[Round "?"]
[Result "1-0"]
[Date "2002.??.??"]
[WhiteElo "2180"]
[BlackElo "2155"]
[PlyCount "55"]
[EventDate "2001.??.??"]
[EventType "tourn (corr)"]
[EventRounds "14"]
[EventCountry "CZE"]
[SourceTitle "Corr 2006"]
[Source "ChessBase"]
[SourceDate "2006.04.01"]
[SourceVersion "3"]
[SourceVersionDate "2006.04.01"]
[SourceQuality "1"]

1. e4 e5 2. Nf3 Nc6 3. Bb5 a6 4. Ba4 Nf6 5. 0-0 Be7 6. Re1 b5 7. Bb3 0-0 8. c3 d6 9. h3 Na5 10. Bc2 c5 11. d4 Qc7 12. Nbd2 Re8 13. Nf1 Bf8 14. b3 Nc6 15. d5 Ne7 16. Bg5 Nd7 17. a4 Bb7 18. Ng3 f6 19. Be3 Reb8 20. Qe2 bxa4 21. Rxa4 f5 22. Nxf5 Nxf5 23. exf5 Nb6 24. Rh4 Nxd5 25. Qc4 Kh8 26. f6 Nxf6 27. Bxh7 g5 28. Nxg5 1-0

[Event "CZE-ch sf10 corr"]
[White "Koci, Vladimir"]
[Black "Rotter, Walter"]
[Site "Czechia"]
[Round "?"]
[Result "1-0"]
[Date "2002.??.??"]
[WhiteElo "2170"]
[BlackElo "2155"]
[PlyCount "35"]
[EventDate "2001.??.??"]
[EventType "tourn (corr)"]
[EventRounds "14"]
[EventCountry "CZE"]
[SourceTitle "Corr 2006"]
[Source "ChessBase"]
[SourceDate "2006.04.01"]
[SourceVersion "3"]
[SourceVersionDate "2006.04.01"]
[SourceQuality "1"]

1. d4 Nf6 2. Nf3 c5 3. d5 g6 4. Nc3 Bg7 5. e4 0-0 6. e5 Ng4 7. Ng5 Nh6 8. h4 d6 9. h5 dxe5 10. Nxh7 Kxh7 11. hxg6+ fxg6 12. Bxh6 Bxh6 13. Qd2 Rf4 14. g3 Kg7 15. Rxh6 Kxh6 16. gxf4 Kg7 17. fxe5 Bf5 18. 0-0-0 1-0

[Event "CZE-ch sf10 corr"]
[White "Ksir, Bohumil"]
[Black "Rotter, Walter"]
[Site "Czechia"]
[Round "?"]
[Result "0-1"]
[Date "2002.??.??"]
[WhiteElo "2165"]
[BlackElo "2155"]
[PlyCount "58"]
[EventDate "2001.??.??"]
[EventType "tourn (corr)"]
[EventRounds "14"]
[EventCountry "CZE"]
[SourceTitle "Corr 2006"]
[Source "ChessBase"]
[SourceDate "2006.04.01"]
[SourceVersion "3"]
[SourceVersionDate "2006.04.01"]
[SourceQuality "1"]

1. e4 e5 2. Nf3 Nc6 3. d4 exd4 4. Nxd4 Bc5 5. Be3 Qf6 6. c3 Nge7 7. Bc4 0-0 8. 0-0 b6 9. Qd2 Bb7 10. b4 Bxd4 11. cxd4 Rfe8 12. d5 Ne5 13. Be2 c6 14. Nc3 cxd5 15. Bg5 Qe6 16. f4 N5c6 17. b5 d4 18. f5 Qe5 19. Nd1 Na5 20. Bd3 Rac8 21. Bf4 Qc5 22. Ne3 dxe3 23. Qe2 Nc4 24. Rac1 d5 25. exd5 Bxd5 26. f6 Ng6 27. fxg7 Be6 28. Rce1 Nge5 29. Bxe5 Nxe5 0-1